[Event "Nordic-ch (Women)"]
[Site "Elsinore"]
[Date "2007.07.26"]
[Round "8"]
[White "Fredericia, Louise Winther"]
[Black "Treppendahl, Trine"]
[Result "1-0"]
[WhiteElo "2101"]
[BlackElo "2038"]
[PlyCount "107"]
[EventDate "2007.07.21"]
[EventType "tourn"]
[EventRounds "10"]
[EventCountry "DEN"]
[Source "ChessBase"]
[SourceDate "2009.11.30"]

1. e4 c6 2. d4 d5 3. Nc3 dxe4 4. Nxe4 Nf6 5. Nxf6+ gxf6 6. Be2 Bf5 7. Nf3 Na6
8. O-O Nb4 9. Ne1 e6 10. c4 a5 11. Be3 Bd6 12. Bh6 Rg8 13. a3 Na6 14. g3 Be4
15. Ng2 Qc7 16. c5 Bf8 17. Bxf8 Kxf8 18. Bf3 Bxf3 19. Qxf3 Qd8 20. Rfd1 Nc7 21.
Ne3 Nd5 22. Nxd5 cxd5 23. b4 f5 24. bxa5 Qxa5 25. Rab1 Qa7 26. Qe3 Ke7 27. Rb3
Rab8 28. Rdb1 Rgc8 29. Qh6 Rc6 30. Qxh7 Ra6 31. Qh4+ Ke8 32. Qh8+ Ke7 33. Qe5
Rc6 34. Rb6 Rxb6 35. Qc7+ Kf6 36. Rxb6 Rf8 37. Rxb7 Qxa3 38. Qe5+ Kg6 39. Qe3
Qa8 40. Rb3 Kh7 41. Rc3 Rc8 42. Kg2 Qa4 43. Ra3 Qc2 44. Ra7 Kg6 45. Ra3 Kh7 46.
h4 Qb2 47. Ra7 Rf8 48. h5 Qb8 49. Rd7 f4 50. Qxe6 fxg3 51. Rxf7+ Rxf7 52. Qxf7+
Kh8 53. h6 gxf2 54. Qg7# 1-0

[Event "Nordic-ch (Women)"]
[Site "Elsinore"]
[Date "2007.07.23"]
[Round "4"]
[White "Fredericia, Louise Winther"]
[Black "Agrest, Svetlana"]
[Result "0-1"]
[WhiteElo "2101"]
[BlackElo "2276"]
[PlyCount "82"]
[EventDate "2007.07.21"]
[EventType "tourn"]
[EventRounds "10"]
[EventCountry "DEN"]
[Source "ChessBase"]
[SourceDate "2009.11.30"]

1. e4 d6 2. d4 Nf6 3. Nc3 e5 4. dxe5 dxe5 5. Qxd8+ Kxd8 6. Nf3 Bd6 7. Be3 Be6
8. O-O-O Ke7 9. a3 h6 10. h3 a6 11. g4 Nc6 12. Rg1 b5 13. g5 hxg5 14. Nxg5 Nd8
15. Be2 Bd7 16. Kb1 Rb8 17. Nd5+ Nxd5 18. exd5 f5 19. f4 e4 20. Bd4 Bxf4 21.
Rdf1 Bd6 22. Nxe4 Nf7 23. Rxg7 Rbg8 24. Nxd6 cxd6 25. Rxf7+ Kxf7 26. Bxh8 Rxh8
27. a4 Kf6 28. axb5 axb5 29. Rf3 Ke5 30. Rb3 f4 31. Kc1 Rxh3 32. Rxh3 Bxh3 33.
Kd2 b4 34. Bf3 Bf1 35. b3 Kd4 36. Bh1 Ba6 37. Bg2 Bb7 38. Bh3 Bxd5 39. Bf5 Bg2
40. Bd3 f3 41. Ke1 Ke5 0-1

[Event "Nordic-ch (Women)"]
[Site "Elsinore"]
[Date "2007.07.21"]
[Round "1"]
[White "Fredericia, Louise Winther"]
[Black "Ptacnikova, Lenka"]
[Result "1/2-1/2"]
[WhiteElo "2101"]
[BlackElo "2239"]
[PlyCount "123"]
[EventDate "2007.07.21"]
[EventType "tourn"]
[EventRounds "10"]
[EventCountry "DEN"]
[Source "ChessBase"]
[SourceDate "2009.11.30"]

1. e4 c5 2. Nf3 e6 3. d4 cxd4 4. Nxd4 a6 5. Nc3 Qc7 6. Bd3 Nc6 7. Be3 Nf6 8.
O-O Bd6 9. Nxc6 dxc6 10. f4 e5 11. f5 b5 12. a3 Bb7 13. Kh1 Rd8 14. Qf3 h6 15.
Rad1 a5 16. Qg3 Kf8 17. h3 Kg8 18. Qf2 Qe7 19. Bb6 Bc7 20. Bc5 Bd6 21. Bb6 Ra8
22. Qd2 Bc5 23. Bxc5 Qxc5 24. Be2 Kh7 25. Bf3 b4 26. Na4 Qb5 27. b3 bxa3 28.
Qe3 Rad8 29. Be2 Qb4 30. Bc4 Qe7 31. Nc5 Bc8 32. Ra1 Rd4 33. c3 Qxc5 34. cxd4
exd4 35. Qd3 Nd7 36. Rfd1 Ne5 37. Qxd4 Qxd4 38. Rxd4 Re8 39. Rxa3 f6 40. Rxa5
Re7 41. Kg1 Bb7 42. Be6 Rc7 43. b4 Bc8 44. Bb3 Bd7 45. Kf2 Rb7 46. Ra8 h5 47.
Kg3 g6 48. fxg6+ Kxg6 49. Rg8+ Kh7 50. Rd8 Kg6 51. Bc2 Be6 52. R8d6 Bf7 53. Kh4
Kg7 54. Bd1 Bc4 55. Rxc6 Nxc6 56. Rxc4 Ne5 57. Rd4 Nc6 58. Rd6 Ne5 59. Kxh5
Rxb4 60. Bf3 Rb3 61. Bg4 Rb2 62. Bf3 1/2-1/2

[Event "Nordic-ch (Women)"]
[Site "Elsinore"]
[Date "2007.07.22"]
[Round "3"]
[White "Johnsen, Sylvia"]
[Black "Ptacnikova, Lenka"]
[Result "0-1"]
[WhiteElo "2041"]
[BlackElo "2239"]
[PlyCount "62"]
[EventDate "2007.07.21"]
[EventType "tourn"]
[EventRounds "10"]
[EventCountry "DEN"]
[Source "ChessBase"]
[SourceDate "2009.11.30"]

1. c4 c5 2. Nc3 g6 3. Nf3 Bg7 4. d4 cxd4 5. Nxd4 Nc6 6. e3 Nf6 7. Bd3 O-O 8.
O-O d5 9. c5 e5 10. Nxc6 bxc6 11. Bd2 e4 12. Be2 h5 13. b4 Bg4 14. Rb1 Qc7 15.
f4 exf3 16. Bxf3 Bf5 17. Rb3 Rfe8 18. Ne2 Ng4 19. g3 Ne5 20. Bg2 Bd3 21. a4 Bc4
22. Ra3 Ng4 23. Bc1 a5 24. b5 Rad8 25. h3 Nh6 26. Rf3 cxb5 27. axb5 Bxe2 28.
Qxe2 Qxc5 29. Rf1 Nf5 30. Kh2 Be5 31. e4 Nxg3 0-1

[Event "Nordic-ch (Women)"]
[Site "Elsinore"]
[Date "2007.07.26"]
[Round "8"]
[White "Johnsen, Sylvia"]
[Black "Bjerke, Silje"]
[Result "1/2-1/2"]
[WhiteElo "2041"]
[BlackElo "2196"]
[PlyCount "90"]
[EventDate "2007.07.21"]
[EventType "tourn"]
[EventRounds "10"]
[EventCountry "DEN"]
[Source "ChessBase"]
[SourceDate "2009.11.30"]

1. e4 c5 2. Nf3 d6 3. c3 Nf6 4. Bc4 e6 5. d3 Be7 6. O-O O-O 7. Bb3 Nc6 8. Re1
b6 9. Nbd2 Ba6 10. Nf1 Qc7 11. Ng3 Ne5 12. Bc2 Rac8 13. Bg5 h6 14. Bxf6 Bxf6
15. Nh5 Be7 16. Nxe5 dxe5 17. Qg4 g6 18. Rad1 Kh7 19. Ng3 Rcd8 20. h4 f5 21.
Qh3 h5 22. Rd2 Rf7 23. Nf1 Rdf8 24. Nh2 Rd8 25. Nf3 fxe4 26. Rxe4 Bb7 27. Re3
Bxf3 28. Rxf3 Rxf3 29. Qxf3 Rf8 30. Qh3 Rf4 31. Qxe6 Bxh4 32. Bb3 Rf8 33. Re2
Bf6 34. Re3 Qc8 35. Qc4 Bg7 36. Rh3 Rf4 37. Qd5 Qf8 38. f3 Rf5 39. Qe4 Kh8 40.
g4 Rg5 41. Kf2 Qf4 42. Be6 Bf8 43. c4 Qd2+ 44. Qe2 Qf4 45. Qe4 Qd2+ 1/2-1/2

[Event "Nordic-ch (Women)"]
[Site "Elsinore"]
[Date "2007.07.21"]
[Round "1"]
[White "Johnsen, Sylvia"]
[Black "Vovk, Oksana"]
[Result "0-1"]
[WhiteElo "2041"]
[BlackElo "2164"]
[PlyCount "50"]
[EventDate "2007.07.21"]
[EventType "tourn"]
[EventRounds "10"]
[EventCountry "DEN"]
[Source "ChessBase"]
[SourceDate "2009.11.30"]

1. c4 Nf6 2. Nf3 e6 3. Nc3 Bb4 4. Qc2 O-O 5. d4 d6 6. Bg5 Nbd7 7. e3 c5 8. a3
Bxc3+ 9. Qxc3 b6 10. Bh4 Bb7 11. Be2 Rc8 12. b4 d5 13. dxc5 bxc5 14. O-O Ne4
15. Qb2 Qb6 16. b5 Qa5 17. Rfc1 Nb6 18. Ng5 Nxg5 19. Bxg5 f6 20. Bh4 Na4 21.
Qb3 Rfd8 22. f3 Nb6 23. Be1 Qa4 24. Qc3 Nxc4 25. Rcb1 Nb6 0-1

[Event "Nordic-ch (Women)"]
[Site "Elsinore"]
[Date "2007.07.22"]
[Round "2"]
[White "Ptacnikova, Lenka"]
[Black "Agrest, Svetlana"]
[Result "1/2-1/2"]
[WhiteElo "2239"]
[BlackElo "2276"]
[PlyCount "93"]
[EventDate "2007.07.21"]
[EventType "tourn"]
[EventRounds "10"]
[EventCountry "DEN"]
[Source "ChessBase"]
[SourceDate "2009.11.30"]

1. e4 d6 2. d4 Nf6 3. Nc3 e5 4. Nf3 Nbd7 5. Bc4 Be7 6. O-O O-O 7. Re1 c6 8. a4
a5 9. h3 exd4 10. Nxd4 Nc5 11. Bf4 Be6 12. Nxe6 fxe6 13. e5 Nd5 14. exd6 Bxd6
15. Bxd6 Qxd6 16. Ne4 Nxe4 17. Rxe4 Qc5 18. Qd4 Qxd4 19. Rxd4 Rf4 20. Rxf4 Nxf4
21. Rd1 Nd5 22. Be2 Kf7 23. Bg4 Nf6 24. Bf3 Ke7 25. Rd3 Nd7 26. Rd4 Rf8 27. Kf1
Nc5 28. Ke2 g6 29. Rh4 h5 30. Rc4 Kd6 31. h4 e5 32. g3 b5 33. axb5 cxb5 34. Rc3
e4 35. Bg2 b4 36. Re3 Re8 37. b3 Re7 38. Kd2 Ke5 39. f3 Rd7+ 40. Ke2 Rd4 41.
fxe4 a4 42. bxa4 Nxa4 43. Rd3 Nc3+ 44. Ke3 Nd1+ 45. Ke2 Nc3+ 46. Ke3 Nd1+ 47.
Ke2 1/2-1/2

[Event "Nordic-ch (Women)"]
[Site "Elsinore"]
[Date "2007.07.25"]
[Round "6"]
[White "Ptacnikova, Lenka"]
[Black "Treppendahl, Trine"]
[Result "1/2-1/2"]
[WhiteElo "2239"]
[BlackElo "2038"]
[PlyCount "125"]
[EventDate "2007.07.21"]
[EventType "tourn"]
[EventRounds "10"]
[EventCountry "DEN"]
[Source "ChessBase"]
[SourceDate "2009.11.30"]

1. e4 c6 2. d4 d5 3. Nc3 dxe4 4. Nxe4 Nf6 5. Nxf6+ gxf6 6. c3 Bf5 7. Nf3 Qc7 8.
g3 e6 9. Bf4 Bd6 10. Bxd6 Qxd6 11. Bg2 Be4 12. O-O h5 13. Re1 Bxf3 14. Bxf3 h4
15. d5 hxg3 16. hxg3 cxd5 17. c4 Nd7 18. cxd5 e5 19. Rc1 f5 20. Bg2 Kf8 21. Qf3
Qg6 22. Rc7 Rd8 23. Rxb7 e4 24. Qc3 Nf6 25. d6 Rxd6 26. Qc5 Ne8 27. Rd1 e3 28.
Rxd6 Qxd6 29. Qxe3 Qd1+ 30. Bf1 Qd5 31. Bg2 Qd1+ 32. Bf1 Qd5 33. Qe7+ Kg7 34.
Qg5+ Kf8 35. Qe7+ Kg7 36. f3 Nf6 37. Rb3 Re8 38. Qxa7 f4 39. gxf4 Rh8 40. Qf2
Ng4 41. Rb5 Rh1+ 42. Kg2 Rh2+ 43. Kg3 Qd8 44. Rg5+ Qxg5 45. Qd4+ Qf6 46. Qxf6+
Kxf6 47. fxg4 Rxb2 48. Bc4 Rc2 49. g5+ Kg7 50. Bb3 Rc3+ 51. Kg4 f6 52. Be6 Re3
53. Bb3 fxg5 54. Kxg5 Rg3+ 55. Kf5 Re3 56. Be6 Re1 57. a4 Kf8 58. Bd7 Ke7 59.
Bb5 Re3 60. Bc6 Kd6 61. Bb5 Ke7 62. Bc6 Kd6 63. Bb5 1/2-1/2

[Event "Nordic-ch (Women)"]
[Site "Elsinore"]
[Date "2007.07.26"]
[Round "8"]
[White "Ptacnikova, Lenka"]
[Black "Vovk, Oksana"]
[Result "1-0"]
[WhiteElo "2239"]
[BlackElo "2164"]
[PlyCount "131"]
[EventDate "2007.07.21"]
[EventType "tourn"]
[EventRounds "10"]
[EventCountry "DEN"]
[Source "ChessBase"]
[SourceDate "2009.11.30"]

1. e4 e6 2. d4 d5 3. Nd2 c5 4. exd5 Qxd5 5. Ngf3 cxd4 6. Bc4 Qd6 7. O-O Nf6 8.
Nb3 Nc6 9. Nbxd4 Nxd4 10. Nxd4 a6 11. c3 Qc7 12. Bb3 Bd6 13. h3 Bf4 14. Bxf4
Qxf4 15. Qf3 Qxf3 16. Nxf3 b6 17. Rfd1 Ke7 18. Ne5 Bb7 19. Rd4 Rab8 20. Rad1
Rhc8 21. f4 Rc7 22. g4 b5 23. f5 Nd5 24. Nxf7 Kxf7 25. fxe6+ Kxe6 26. Bxd5+
Bxd5 27. Rxd5 a5 28. a3 b4 29. axb4 axb4 30. R5d3 bxc3 31. Re3+ Kf6 32. Rf1+
Kg6 33. bxc3 Rf7 34. Re6+ Rf6 35. Rexf6+ gxf6 36. Kg2 Rc8 37. Rf3 Rc4 38. Kf2
Re4 39. Re3 Rf4+ 40. Ke2 f5 41. Rf3 Rc4 42. gxf5+ Kf6 43. Kd3 Rc8 44. c4 h5 45.
h4 Rg8 46. Ke4 Re8+ 47. Kd4 Rd8+ 48. Kc5 Rc8+ 49. Kb5 Rb8+ 50. Ka5 Rc8 51. Kb4
Rb8+ 52. Kc3 Rc8 53. Rf1 Rg8 54. c5 Rg3+ 55. Kb4 Rg4+ 56. Kb5 Rxh4 57. c6 Rh2
58. Rf4 Rb2+ 59. Kc5 Rb8 60. c7 Rc8 61. Kc6 Kg5 62. Rf1 h4 63. Kd7 Rh8 64. c8=Q
Rxc8 65. Kxc8 h3 66. f6 1-0

[Event "Nordic-ch (Women)"]
[Site "Elsinore"]
[Date "2007.07.23"]
[Round "4"]
[White "Ptacnikova, Lenka"]
[Black "Bjerke, Silje"]
[Result "1-0"]
[WhiteElo "2239"]
[BlackElo "2196"]
[PlyCount "81"]
[EventDate "2007.07.21"]
[EventType "tourn"]
[EventRounds "10"]
[EventCountry "DEN"]
[Source "ChessBase"]
[SourceDate "2009.11.30"]

1. e4 c5 2. Nf3 d6 3. d4 Nf6 4. Nc3 cxd4 5. Nxd4 a6 6. Be3 e5 7. Nb3 Be6 8. Qd2
Nbd7 9. f3 b5 10. O-O-O Nb6 11. Qf2 Nc4 12. Bxc4 bxc4 13. Na5 Nd7 14. Nc6 Qc8
15. Nb4 Rb8 16. Nbd5 Qb7 17. b3 cxb3 18. cxb3 Be7 19. Kb2 Bd8 20. Rd3 a5 21.
Rhd1 O-O 22. g4 Qc6 23. a4 Bxd5 24. Rxd5 Nb6 25. Rb5 Nd7 26. Rxb8 Nxb8 27. Nb5
Be7 28. Bb6 Bh4 29. Qg1 Rc8 30. Rc1 Qd7 31. Rxc8+ Qxc8 32. Qc1 Nc6 33. Bxa5 Qd7
34. Bc3 d5 35. exd5 Qxd5 36. Qe3 h6 37. Qe4 Qc5 38. b4 Qf2+ 39. Kb3 Nd4+ 40.
Nxd4 exd4 41. Qxd4 1-0

[Event "Nordic-ch (Women)"]
[Site "Elsinore"]
[Date "2007.07.29"]
[Round "11"]
[White "Ptacnikova, Lenka"]
[Black "Skytte, Torill"]
[Result "1-0"]
[WhiteElo "2239"]
[BlackElo "1999"]
[PlyCount "107"]
[EventDate "2007.07.21"]
[EventType "tourn"]
[EventRounds "10"]
[EventCountry "DEN"]
[Source "ChessBase"]
[SourceDate "2009.11.30"]

1. Nf3 Nf6 2. g3 d5 3. Bg2 c6 4. O-O h6 5. d3 Bf5 6. Nc3 e6 7. Nd2 Nbd7 8. e4
Bg6 9. Qe2 dxe4 10. dxe4 Qc7 11. a4 Bb4 12. Nc4 O-O 13. h3 Rfd8 14. Na2 Be7 15.
Nc3 Bb4 16. Na2 Be7 17. f4 Nb6 18. Ne5 Bc5+ 19. Kh2 Bh7 20. Nc3 Bd4 21. a5 Nbd7
22. Nxd7 Rxd7 23. Qc4 Rad8 24. Ne2 a6 25. e5 Ne8 26. Nxd4 Rxd4 27. Qc3 Qe7 28.
Be3 Qb4 29. Bxd4 Qxd4 30. Qxd4 Rxd4 31. Rf2 Nc7 32. Kg1 Nd5 33. Bxd5 Rxd5 34.
Kf1 Rc5 35. Ke1 Rxc2 36. Rd1 Kf8 37. Rxc2 Bxc2 38. Rd7 Ba4 39. Rxb7 Bb5 40. Rc7
g5 41. Kf2 Kg7 42. f5 exf5 43. e6 Kf6 44. exf7 Kg7 45. b3 Kf8 46. h4 Kg7 47.
hxg5 hxg5 48. Ke3 Kf8 49. Kd4 Kg7 50. Ke5 Bd3 51. Ke6 f4 52. Ke7 fxg3 53. f8=Q+
Kg6 54. Rxc6+ 1-0

[Event "Nordic-ch (Women)"]
[Site "Elsinore"]
[Date "2007.07.26"]
[Round "8"]
[White "Skytte, Torill"]
[Black "Agrest, Inna"]
[Result "0-1"]
[WhiteElo "1999"]
[BlackElo "2085"]
[PlyCount "52"]
[EventDate "2007.07.21"]
[EventType "tourn"]
[EventRounds "10"]
[EventCountry "DEN"]
[Source "ChessBase"]
[SourceDate "2009.11.30"]

1. e4 e5 2. Nf3 Nc6 3. Bb5 a6 4. Ba4 Nf6 5. O-O b5 6. Bb3 Bc5 7. c3 d6 8. a4
Rb8 9. axb5 axb5 10. d3 Bg4 11. h3 Bh5 12. Nbd2 O-O 13. Re1 b4 14. Nf1 Bxf3 15.
gxf3 Nh5 16. Be3 Qh4 17. Kh2 Nf4 18. Kg1 Qg5+ 19. Ng3 h5 20. Kf1 Bxe3 21. fxe3
Nxh3 22. Re2 Qxg3 23. Rg2 Qh4 24. Rh2 bxc3 25. bxc3 Rxb3 26. Qxb3 Qg3 0-1

[Event "Nordic-ch (Women)"]
[Site "Elsinore"]
[Date "2007.07.28"]
[Round "10"]
[White "Skytte, Torill"]
[Black "Tuominen, Tanja"]
[Result "1-0"]
[WhiteElo "1999"]
[BlackElo "2107"]
[PlyCount "138"]
[EventDate "2007.07.21"]
[EventType "tourn"]
[EventRounds "10"]
[EventCountry "DEN"]
[Source "ChessBase"]
[SourceDate "2009.11.30"]

1. e4 c5 2. c3 Nf6 3. e5 Nd5 4. d4 cxd4 5. Nf3 e6 6. cxd4 b6 7. Nc3 Nxc3 8.
bxc3 Qc7 9. Bd2 Bb7 10. Bd3 d6 11. O-O Nd7 12. Ng5 dxe5 13. Qh5 g6 14. Qh3 Be7
15. Rfe1 Bxg5 16. Bxg5 O-O 17. dxe5 Qc5 18. Qh6 Nxe5 19. Be2 f6 20. Be3 Qxc3
21. Rac1 Qb4 22. Bd2 Qe7 23. Bc3 Nf7 24. Qh4 Nd6 25. Bb4 Qd7 26. Rcd1 Bd5 27.
Qf4 Rad8 28. Bf3 g5 29. Qg4 Qb7 30. Bxd5 exd5 31. Qe6+ Qf7 32. Bxd6 Qxe6 33.
Rxe6 Rfe8 34. Rxe8+ Rxe8 35. Kf1 Kf7 36. Bb4 Rd8 37. Rd4 Ke6 38. Ke2 Rc8 39.
Kd3 Rc1 40. h4 Rd1+ 41. Bd2 h6 42. Ra4 a5 43. Kc2 Rg1 44. g3 Kd6 45. hxg5 fxg5
46. Ra3 d4 47. Rf3 Ke5 48. Rb3 Rf1 49. f4+ gxf4 50. Bxf4+ Ke4 51. Bxh6 Rf6 52.
Bf4 Rc6+ 53. Kd2 Rc4 54. Rxb6 Ra4 55. Rb2 Ra3 56. Bd6 Rd3+ 57. Ke1 Rc3 58. Rb5
a4 59. Rb4 a3 60. Ra4 Rc6 61. Bxa3 Rg6 62. Kf2 Rc6 63. Be7 Rc2+ 64. Ke1 Ke3 65.
Bg5+ Kd3 66. Ra8 Re2+ 67. Kf1 Rb2 68. a4 Kc4 69. a5 Kc5 1-0

[Event "Nordic-ch (Women)"]
[Site "Elsinore"]
[Date "2007.07.22"]
[Round "2"]
[White "Skytte, Torill"]
[Black "Fredericia, Louise Winther"]
[Result "1/2-1/2"]
[WhiteElo "1999"]
[BlackElo "2101"]
[PlyCount "41"]
[EventDate "2007.07.21"]
[EventType "tourn"]
[EventRounds "10"]
[EventCountry "DEN"]
[Source "ChessBase"]
[SourceDate "2009.11.30"]

1. Nf3 d5 2. d4 Nf6 3. Bg5 c6 4. c3 h6 5. Bh4 Bf5 6. e3 Qb6 7. Qb3 Nbd7 8. Nbd2
e6 9. Be2 Bd6 10. O-O g5 11. Bg3 Bxg3 12. hxg3 Qc7 13. c4 O-O 14. Rac1 Kg7 15.
Bd3 Ne4 16. cxd5 Nxd2 17. Nxd2 Bxd3 18. Qxd3 exd5 19. Qf5 Qd6 20. Nf3 Rae8 21.
Rc3 1/2-1/2

[Event "Nordic-ch (Women)"]
[Site "Elsinore"]
[Date "2007.07.25"]
[Round "6"]
[White "Skytte, Torill"]
[Black "Andersson, Christin"]
[Result "0-1"]
[WhiteElo "1999"]
[BlackElo "2139"]
[PlyCount "88"]
[EventDate "2007.07.21"]
[EventType "tourn"]
[EventRounds "10"]
[EventCountry "DEN"]
[Source "ChessBase"]
[SourceDate "2009.11.30"]

1. e4 e6 2. d4 d5 3. Nc3 Nf6 4. e5 Nfd7 5. f4 c5 6. Nf3 cxd4 7. Nxd4 Nc6 8. Be3
Nxd4 9. Bxd4 Bc5 10. Qd2 Bxd4 11. Qxd4 Qb6 12. Nb5 O-O 13. O-O-O a6 14. Qxb6
Nxb6 15. Nd4 Bd7 16. h4 Rac8 17. h5 Nc4 18. Rh3 f6 19. Rb3 b5 20. exf6 Rxf6 21.
g3 a5 22. Bh3 b4 23. Re1 Re8 24. Rf3 Nd6 25. Re5 Ne4 26. g4 Ref8 27. g5 Rxf4
28. Rxf4 Rxf4 29. Nxe6 Rh4 30. Bg2 Bxe6 31. Rxe6 Rxh5 32. Re5 Rxg5 33. Rxg5
Nxg5 34. Bxd5+ Kf8 35. Kd2 Ke7 36. Kd3 Kd6 37. Kc4 Ne6 38. Be4 h5 39. c3 bxc3
40. bxc3 g5 41. Kb5 Nc5 42. Bg2 a4 43. Kc4 Ne6 44. Kd3 Nf4+ 0-1

[Event "Nordic-ch (Women)"]
[Site "Elsinore"]
[Date "2007.07.23"]
[Round "4"]
[White "Skytte, Torill"]
[Black "Johnsen, Sylvia"]
[Result "0-1"]
[WhiteElo "1999"]
[BlackElo "2041"]
[PlyCount "40"]
[EventDate "2007.07.21"]
[EventType "tourn"]
[EventRounds "10"]
[EventCountry "DEN"]
[Source "ChessBase"]
[SourceDate "2009.11.30"]

1. e4 g6 2. d4 c6 3. Nc3 d5 4. h3 Bg7 5. Nf3 dxe4 6. Nxe4 Nd7 7. Bd3 Ngf6 8.
Qe2 Nxe4 9. Qxe4 Nf6 10. Qh4 Nh5 11. O-O Qd6 12. Re1 Be6 13. Bg5 h6 14. Be3 Bf6
15. Ng5 hxg5 16. Bxg5 Bxg5 17. Qxg5 Nf4 18. Re3 Rh5 19. Qg3 O-O-O 20. Rae1 Nxd3
0-1

[Event "Nordic-ch (Women)"]
[Site "Elsinore"]
[Date "2007.07.24"]
[Round "5"]
[White "Treppendahl, Trine"]
[Black "Tuominen, Tanja"]
[Result "0-1"]
[WhiteElo "2038"]
[BlackElo "2107"]
[PlyCount "120"]
[EventDate "2007.07.21"]
[EventType "tourn"]
[EventRounds "10"]
[EventCountry "DEN"]
[Source "ChessBase"]
[SourceDate "2009.11.30"]

1. d4 d5 2. Nf3 Nf6 3. Bf4 Bf5 4. e3 e6 5. Bd3 Bxd3 6. Qxd3 c6 7. Nbd2 Bd6 8.
Bxd6 Qxd6 9. c3 Nbd7 10. e4 dxe4 11. Nxe4 Qd5 12. Nxf6+ Nxf6 13. Qe2 O-O 14.
O-O Rfd8 15. Rfe1 h6 16. Qe5 Rac8 17. Qxd5 cxd5 18. Ne5 Ne4 19. f3 Nd6 20. Rab1
b5 21. a3 a5 22. Nd3 Rc6 23. Re2 Rb8 24. Kf2 h5 25. Ra1 Rc4 26. Ne5 Rc7 27. Nd3
Rb6 28. Rae1 Nf5 29. Rd2 g6 30. Kg1 h4 31. Kf2 Ne7 32. Rde2 Nc6 33. Ra1 b4 34.
axb4 axb4 35. Ra8+ Kg7 36. Nc5 bxc3 37. bxc3 Ra7 38. Rxa7 Nxa7 39. f4 Nc8 40.
Kf3 Nd6 41. Ke3 Rb1 42. Rc2 Rf1 43. Rf2 Rh1 44. h3 Rc1 45. Kd2 Ra1 46. Kd3 Kf6
47. Nb3 Ra3 48. Nc1 Rxc3+ 49. Kxc3 Ne4+ 50. Kd3 Nxf2+ 51. Ke3 Ne4 52. Ne2 Kf5
53. Ng1 g5 54. fxg5 Nxg5 55. Kd3 f6 56. Ke3 e5 57. Ne2 Ne6 58. Kd3 Nf4+ 59. Ke3
Nxe2 60. Kxe2 Kf4 0-1

[Event "Nordic-ch (Women)"]
[Site "Elsinore"]
[Date "2007.07.27"]
[Round "9"]
[White "Treppendahl, Trine"]
[Black "Agrest, Svetlana"]
[Result "1/2-1/2"]
[WhiteElo "2038"]
[BlackElo "2276"]
[PlyCount "31"]
[EventDate "2007.07.21"]
[EventType "tourn"]
[EventRounds "10"]
[EventCountry "DEN"]
[Source "ChessBase"]
[SourceDate "2009.11.30"]

1. d4 f5 2. Bg5 g6 3. Nc3 d5 4. h4 h6 5. Bf4 Bg7 6. Nf3 Be6 7. e3 c6 8. Qd3 Nd7
9. g4 Ngf6 10. h5 Nxg4 11. hxg6 Qb6 12. a4 c5 13. Nb5 c4 14. Qa3 Rc8 15. Bg2 a6
16. Nc3 1/2-1/2

[Event "Nordic-ch (Women)"]
[Site "Elsinore"]
[Date "2007.07.22"]
[Round "3"]
[White "Treppendahl, Trine"]
[Black "Agrest, Inna"]
[Result "0-1"]
[WhiteElo "2038"]
[BlackElo "2085"]
[PlyCount "120"]
[EventDate "2007.07.21"]
[EventType "tourn"]
[EventRounds "10"]
[EventCountry "DEN"]
[Source "ChessBase"]
[SourceDate "2009.11.30"]

1. d4 Nf6 2. Nf3 g6 3. Bf4 Bg7 4. e3 O-O 5. Be2 d6 6. h3 Nbd7 7. O-O c6 8. c4
Ne4 9. Nbd2 Nxd2 10. Qxd2 e5 11. Bh2 f5 12. Rfd1 Qf6 13. Rab1 h5 14. b4 g5 15.
c5 g4 16. hxg4 fxg4 17. dxe5 Nxe5 18. Bxe5 dxe5 19. Bc4+ Kh8 20. Nh2 Bf5 21.
Rbc1 Rad8 22. Qe1 h4 23. e4 Bc8 24. g3 Bh6 25. Rxd8 Rxd8 26. Rd1 hxg3 27. fxg3
b6 28. cxb6 axb6 29. Be2 Rg8 30. Qf2 Qg6 31. Bd3 b5 32. Rf1 Rf8 33. Qe1 Rd8 34.
Qe2 Qg5 35. Rd1 Be6 36. Nf1 Kg7 37. a3 Kg6 38. Nh2 Qe3+ 39. Qxe3 Bxe3+ 40. Kg2
Bb3 41. Rf1 Rxd3 42. Nxg4 Bd4 43. Rf6+ Kg7 44. Rd6 Rd2+ 45. Kh3 Re2 46. Nf6 Kf7
47. Nh7 Be6+ 48. g4 Ke7 49. Rxc6 Rxe4 50. Rc7+ Kd6 51. Rg7 Re3+ 52. Kh4 Rxa3
53. Ng5 Kd5 54. Re7 Ra6 55. Kg3 e4 56. Re8 Be5+ 57. Kf2 Bxg4 58. Rd8+ Rd6 59.
Re8 Rf6+ 60. Ke3 Bf4+ 0-1

[Event "Nordic-ch (Women)"]
[Site "Elsinore"]
[Date "2007.07.29"]
[Round "11"]
[White "Treppendahl, Trine"]
[Black "Bjerke, Silje"]
[Result "0-1"]
[WhiteElo "2038"]
[BlackElo "2196"]
[PlyCount "84"]
[EventDate "2007.07.21"]
[EventType "tourn"]
[EventRounds "10"]
[EventCountry "DEN"]
[Source "ChessBase"]
[SourceDate "2009.11.30"]

1. d4 d5 2. Nf3 Nf6 3. Bf4 c5 4. c3 Qb6 5. Qb3 c4 6. Qc2 Nc6 7. Nbd2 Bg4 8. Ne5
Nxe5 9. Bxe5 Nd7 10. Bg3 e6 11. f3 Bh5 12. e4 Be7 13. Be2 Qc6 14. a4 a6 15. O-O
O-O 16. exd5 exd5 17. b3 cxb3 18. Qxb3 Qe6 19. Rfe1 Qe3+ 20. Kh1 Qxd2 21. Rad1
Qh6 22. Qxb7 Bd6 23. Bxd6 Qxd6 24. c4 dxc4 25. Bxc4 a5 26. Qb5 Bg6 27. Qg5 Nb6
28. Bb5 Qb4 29. f4 Bc2 30. Rc1 Bxa4 31. Bd3 Qxd4 32. Bb1 Rae8 33. Rg1 Nd5 34.
Ba2 Nf6 35. Rc4 Ne4 36. h3 Qxg1+ 37. Kxg1 Nxg5 38. Rxa4 Ne6 39. f5 Nc5 40. Rc4
Rc8 41. Kh2 Rfe8 42. f6 Ne4 0-1

[Event "Nordic-ch (Women)"]
[Site "Elsinore"]
[Date "2007.07.29"]
[Round "11"]
[White "Tuominen, Tanja"]
[Black "Fredericia, Louise Winther"]
[Result "1/2-1/2"]
[WhiteElo "2107"]
[BlackElo "2101"]
[PlyCount "24"]
[EventDate "2007.07.21"]
[EventType "tourn"]
[EventRounds "10"]
[EventCountry "DEN"]
[Source "ChessBase"]
[SourceDate "2009.11.30"]

1. e4 e5 2. Nf3 Nf6 3. Nc3 Nc6 4. d4 exd4 5. Nxd4 Bb4 6. Nxc6 bxc6 7. Bd3 d5 8.
exd5 cxd5 9. Qe2+ Be7 10. Bg5 O-O 11. O-O Bg4 12. f3 Be6 1/2-1/2

[Event "Nordic-ch (Women)"]
[Site "Elsinore"]
[Date "2007.07.25"]
[Round "6"]
[White "Tuominen, Tanja"]
[Black "Agrest, Inna"]
[Result "1/2-1/2"]
[WhiteElo "2107"]
[BlackElo "2085"]
[PlyCount "47"]
[EventDate "2007.07.21"]
[EventType "tourn"]
[EventRounds "10"]
[EventCountry "DEN"]
[Source "ChessBase"]
[SourceDate "2009.11.30"]

1. e4 e5 2. Nf3 Nc6 3. Nc3 Nf6 4. d4 exd4 5. Nxd4 Bb4 6. Nxc6 bxc6 7. Bd3 d5 8.
exd5 cxd5 9. O-O O-O 10. Bg5 c6 11. Qf3 Bd6 12. h3 Rb8 13. Rab1 h6 14. Bf4 Re8
15. a3 a5 16. Rfd1 Qc7 17. Bxh6 d4 18. Na4 c5 19. Re1 Bb7 20. Qf5 gxh6 21. Qxf6
Qc6 22. Bh7+ Kxh7 23. Qxf7+ Kh8 24. Qf6+ 1/2-1/2

[Event "Nordic-ch (Women)"]
[Site "Elsinore"]
[Date "2007.07.27"]
[Round "9"]
[White "Tuominen, Tanja"]
[Black "Ptacnikova, Lenka"]
[Result "0-1"]
[WhiteElo "2107"]
[BlackElo "2239"]
[PlyCount "50"]
[EventDate "2007.07.21"]
[EventType "tourn"]
[EventRounds "10"]
[EventCountry "DEN"]
[Source "ChessBase"]
[SourceDate "2009.11.30"]

1. e4 c5 2. f4 d5 3. exd5 Qxd5 4. Nc3 Qd8 5. Nf3 Nf6 6. Bb5+ Bd7 7. Qe2 g6 8.
O-O Bg7 9. f5 O-O 10. Bxd7 Qxd7 11. d3 Nc6 12. fxg6 hxg6 13. Bg5 b6 14. Rae1
Rae8 15. Qf2 Nd5 16. Ne4 Nd4 17. Qh4 f5 18. Nc3 Nxc2 19. Ne5 Bxe5 20. Rxe5 Nf6
21. Qh6 Qd4+ 22. Be3 Qxe5 23. Qxg6+ Kh8 24. Rf3 Nh7 25. Rh3 Qg7 0-1